00921 a2200193 4500020001500000040001300015082001300028100002500041245011900066250001200185260005100197300003400248440005400282650003100336856008300367856008000450856010600530856009100636 a0471706477 aDLCbDLC00a910/.2851 aTsui, James Bao-yen.10aFundamentals of global positioning system receivers: a software approachba software approachcJames Bao-yen Tsui. a2nd ed. aNew Jersey :bJohn Wiley & Sons, Inc.,cc2005. axvi, 352 p. :bill. ;c24 cm. 0aWiley series in microwave and optical engineering 0aGlobal Positioning System.413Table of contents onlyuhttp://www.loc.gov/catdir/toc/wiley051/2004053458.html413Book review (E-STREAMS)uhttp://www.e-streams.com/es0806_7/es0867_4181.html413Contributor biographical informationuhttp://www.loc.gov/catdir/enhancements/fy0618/2004053458-b.html413Publisher descriptionuhttp://www.loc.gov/catdir/enhancements/fy0618/2004053458-d.html